Geography Quiz

Random Geography or World Quiz

Countries That Take Up 1% of the World's Population Quiz Stats

 Plays Quiz Updated Sep 29, 2015

Score 0/18 Timer 06:00
11 Plays Today
% Correct
China
93.7%
United States
92.6%
India
90.5%
Brazil
89.1%
Russia
85%
Japan
80.7%
Indonesia
79.6%
Mexico
78.9%
Germany
74.7%
% Correct
Pakistan
67.8%
Nigeria
66.9%
Philippines
64.3%
Bangladesh
64.2%
Turkey
51%
Egypt
50.2%
Iran
49.3%
Ethiopia
43.3%
Vietnam
40.4%

You're not logged in!

Compare scores with friends on all Sporcle quizzes.
OR
Log In

Show Comments

Extras

Top Quizzes Today


Score Distribution

Your Account Isn't Verified!

In order to create a playlist on Sporcle, you need to verify the email address you used during registration. Go to your Sporcle Settings to finish the process.

Report this User

Report this user for behavior that violates our Community Guidelines.

Details: